Jacobean theatre / (Record no. 18037)
[ view plain ]
| 000 -LEADER | |
|---|---|
| fixed length control field | 00738nam a2200229 i 4500 |
| 001 - CONTROL NUMBER | |
| control field | 18037 |
| 003 - CONTROL NUMBER IDENTIFIER | |
| rucl marc code | BD-RjUL |
| 005 - DATE AND TIME OF LATEST TRANSACTION | |
| control field | 20211209000229.0 |
| 008 - FIXED-LENGTH DATA ELEMENTS--GENERAL INFORMATION | |
| fixed length control field | 140219r19651960enk 00100 eng d |
| 035 ## - SYSTEM CONTROL NUMBER | |
| System control number | (BD-RjUL)18095 |
| 040 ## - CATALOGING SOURCE | |
| Original cataloging agency | LC |
| Language of cataloging | eng |
| Transcribing agency | LC |
| Modifying agency | BD-RjUL |
| 041 ## - LANGUAGE CODE | |
| Language code of text/sound track or separate title | eng |
| 082 00 - DEWEY DECIMAL CLASSIFICATION NUMBER | |
| Classification number | 792.0942 |
| Author mark and year | JAC 1965 |
| 245 00 - TITLE STATEMENT | |
| Title | Jacobean theatre / |
| Statement of responsibility, etc. | edited by John Russel brown and Bernard Harris. |
| 260 0# - PUBLICATION, DISTRIBUTION, ETC. (IMPRINT) | |
| Place of publication, distribution, etc. | London : |
| Name of publisher, distributor, etc. | Arnold, |
| Date of publication, distribution, etc. | 1960 [impression 1965]. |
| 300 ## - PHYSICAL DESCRIPTION | |
| Pagination | 253 p. ; |
| Size | 23 cm. |
| 504 ## - BIBLIOGRAPHY, ETC. NOTE | |
| Bibliography, etc | Includes index. |
| 650 #0 - SUBJECT ADDED ENTRY--TOPICAL TERM | |
| Topical term or geographic name as entry element | English drama |
| Chronological subdivision | Early modern and Elizabethan, 1500-1600 |
| General subdivision | History and criticism. |
| 9 (RLIN) | 2066 |
| Topical term or geographic name as entry element | Theater |
| Geographic subdivision | England |
| General subdivision | History. |
| 9 (RLIN) | 55587 |
| 942 ## - ADDED ENTRY ELEMENTS (KOHA) | |
| Source of classification or shelving scheme | Dewey Decimal Classification |
| Koha item type | Books |
| Lost status | Source of classification or shelving scheme | Damaged status | Not for loan | Collection code | Permanent Location | Current Location | Shelving location | Date acquired | Source of acquisition | Cost, normal purchase price | Total Checkouts | Full call number | Date last seen | Copy number | Koha item type |
|---|---|---|---|---|---|---|---|---|---|---|---|---|---|---|---|
| Dewey Decimal Classification | Non-fiction | Central Library, University of Rajshahi | Central Library, University of Rajshahi | 25/11/1969 | Zeit | 25.00 | 792.0942 JAC 1960 | 19/02/2014 | C-2 | Books | |||||
| Dewey Decimal Classification | Non-fiction | Central Library, University of Rajshahi | Central Library, University of Rajshahi | 11/04/1964 | Zeitlinger | 25.00 | 792.0942 JAC 1960 | 20/01/2020 | C-1 | Books |